Catálogo

ESSENTIALS OF MANAGEMENT INFORMATION SYSTEMS : (Registro nro. 52817)

Detalles MARC
000 -LEADER
fixed length control field 01207nam a2200217 a 4500
001 - CONTROL NUMBER
control field 52817
005 - DATE AND TIME OF LATEST TRANSACTION
control field 20180714042822.0
008 - FIXED-LENGTH DATA ELEMENTS--GENERAL INFORMATION
fixed length control field 140415s1999 xxu 000 0 eng d
020 ## - INTERNATIONAL STANDARD BOOK NUMBER
International Standard Book Number 0130819735
041 ## - LANGUAGE CODE
Language code of text/sound track or separate title eng
082 ## - DEWEY DECIMAL CLASSIFICATION NUMBER
Classification number 658.00285
Item number LAU
100 1# - MAIN ENTRY--PERSONAL NAME
Personal name LAUDON, KENNETH C.
245 10 - TITLE STATEMENT
Title ESSENTIALS OF MANAGEMENT INFORMATION SYSTEMS :
Remainder of title TRANSFORMING BUSINESS AND MANAGEMENT
250 ## - EDITION STATEMENT
Edition statement 3a ed.
260 ## - PUBLICATION, DISTRIBUTION, ETC.
Place of publication, distribution, etc. ESTADOS UNIDOS DE AMERICA :
Name of publisher, distributor, etc. PRENTICE HALL INC,,
Date of publication, distribution, etc. 1999
300 ## - PHYSICAL DESCRIPTION
Extent 222
Dimensions 21.4 x 2.5 x 28.3
490 ## - SERIES STATEMENT
Series statement COLECCION DE ARTE - FOTOGRAFIA
520 ## - SUMMARY, ETC.
Summary, etc. WHAT BETTER WAY TO PREPARE FOR THE CONSTANTLY CHANGING DEMANDS OF USING INFORMATION SYSTEMAS IN TODAYS FAST-PACED ORGANIZATIONS THAN WITH ACTUAL TECHNOLOGY? ESSEMTOAÑS PF ,AMAGE,EMT OMFPR,ATOPM SUSTEMS, THIRD EDITION, IS SUPPORTED BY AN OPTIONAL MULTIMEDIA CD-ROM AND A FREE COMPANION WEB SITE (WWW.PRENHALL. COM/LAUDON).THE TEXT PRESENTS REAL BUSINESS EXAMPLES, BOTH DOMESTIC AND FOREIGN, AND RELATES THEM TO MIS AND MANAGEMENT THROUGH A DISCUSSION ON THE IMPORTANCE OF INTEGRATIN ORGANIZ
650 14 - SUBJECT ADDED ENTRY--TOPICAL TERM
Topical term or geographic name entry element BASES DE DATOS
General subdivision INFORMATICA
-- TOMA DE DECISIONES
-- NEGOCIOS EN INTERNET
700 1# - ADDED ENTRY--PERSONAL NAME
Personal name LAUDON, JANE PRICE
Relator term coaut.
Existencias
Withdrawn status Lost status Source of classification or shelving scheme Damaged status Not for loan Collection code Home library Current library Shelving location Date acquired Source of acquisition Inventory number Total Checkouts Full call number Barcode Date last seen Price effective from Koha item type
    Dewey Decimal Classification     General Biblioteca Karol Wojtyla Biblioteca Karol Wojtyla Sala general 03/12/2013 Compra 151000000000000000020379   658.00285 LAU 78413 05/01/2026 03/12/2013 Libro